• 首页
  • 本馆介绍
  • 公告通知
  • 最新文献
  • 馆藏检索
  • 电子资源
  • 读者导购
  • 参考咨询
  • 我的图书馆
  • 登录
  • 详细信息显示
  • 放入我的书架
  • 预约/预借图书
  • 作者相关作品
  • 分类相关作品
  • 丛书相关作品
  • 出版社相关作品

书目信息

  • 表格格式
  • 工作单格式
  • 卡片格式
题名:
慕尼黑阴谋和绥靖政策
    
 
作者: 石立唢 著
分册:  
出版信息: 北京   人民出版社  1976
页数: 81页
开本: 19cm
丛书名:
单 册:
中图分类: K151
科图分类:
主题词: 世界史:现代史--1919~1939 , 现代史:世界史--1919~1939
电子资源:
ISBN:
000 00749nam2 2200265 45
001 0176001323
005 20060731102418.40
010    @dCNY0.18
100    @a19951017d1976 em y0chiy0121 ea
101 0  @achi
102    @aCN@b110000
105    @ay z 000yy
200 10 @a慕尼黑阴谋和绥靖政策@Amu ni hei yin mou he sui jing zheng ce@f石立唢著
210    @a北京@c人民出版社@d1976
215    @a81页@d19cm
222 0  @a《学点历史》丛书
410  0 @120010@a学点历史丛书
517 1  @a学点历史丛书@Axue dian li shi cong shu
606    @a世界史:现代史@z1919~1939
606    @a现代史:世界史@z1919~1939
690    @aK151@v3
701  0 @a石立唢@Ashi li suo@4著
801  2 @aCN@bNLC@c20060731
801  0 @aCN@bTSSF
905    @a10447@dK151@e129
    
    慕尼黑阴谋和绥靖政策/石立唢著.-北京:人民出版社,1976
    81页;19cm
    
    
    ISBN :CNY0.18
    
●
相关链接 在E读中查询图书 在五车中查询图书 在当当中查询图书 在豆瓣中查询图书


正题名:慕尼黑阴谋和绥靖政策     索取号:K151/129         预约/预借

序号 登录号 条形码 馆藏地/架位号 状态 备注
1 0443860   204438607   密集书库/ [索取号:K151/129] 在馆    
2 0443861   204438616   密集书库/ [索取号:K151/129] 在馆    
3 0443889   204438894   密集书库/ [索取号:K151/129] 在馆    
4 0443890   204438901   密集书库/ [索取号:K151/129] 在馆    
唐山师范学院图书馆 欢迎您!
大连网信软件有限公司© 版权所有